On the BMO and C 1,γ -regularity for a weak solution of fully nonlinear elliptic systems in dimension three and four

Elmentve itt :
Bibliográfiai részletek
Szerzők: Danĕček Josef
Stará Jana
Dokumentumtípus: Folyóirat
Megjelent: 2021
Sorozat:Electronic journal of qualitative theory of differential equations
Kulcsszavak:Differenciálegyenlet
doi:10.14232/ejqtde.2021.1.24

Online Access:http://acta.bibl.u-szeged.hu/73676
LEADER 00786nas a2200205 i 4500
001 acta73676
005 20211108113349.0
008 211108s2021 hu o 0|| eng d
022 |a 1417-3875 
024 7 |a 10.14232/ejqtde.2021.1.24  |2 doi 
040 |a SZTE Egyetemi Kiadványok Repozitórium  |b hun 
041 |a eng 
100 1 |a Danĕček Josef 
245 1 3 |a On the BMO and C 1,γ -regularity for a weak solution of fully nonlinear elliptic systems in dimension three and four  |h [elektronikus dokumentum] /  |c  Danĕček Josef 
260 |c 2021 
300 |a 19 
490 0 |a Electronic journal of qualitative theory of differential equations 
695 |a Differenciálegyenlet 
700 0 1 |a Stará Jana  |e aut 
856 4 0 |u http://acta.bibl.u-szeged.hu/73676/1/ejqtde_2021_024.pdf  |z Dokumentum-elérés